[Event "IV Open International Senior"]
[Site "Calvia"]
[Date "2007.10.16"]
[Round "2.2"]
[White "Mikoleizig, Egenhard"]
[Black "Suba, Mihai"]
[Result "0-1"]
[WhiteElo "2217"]
[BlackElo "2502"]
[PlyCount "106"]
[EventDate "2007.??.??"]

1. e4 Nf6 2. e5 Nd5 3. d4 d6 4. Nf3 Nb6 5. Be2 g6 6. exd6 cxd6 7. Nbd2 Bg7 8.
c3 O-O 9. O-O Nc6 10. Re1 a6 11. Nf1 Bg4 12. h3 Bxf3 13. Bxf3 d5 14. Ne3 e6 15.
b3 Rc8 16. Bb2 Qd6 17. a4 Rfd8 18. a5 Na8 19. Qd2 Qf4 20. Qe2 Nc7 21. g3 Qd6
22. Ng4 Nb5 23. Qd2 Qf8 24. Be2 h5 25. Bxb5 axb5 26. Ne3 b4 27. Nc2 Bh6 28. f4
bxc3 29. Bxc3 Qd6 30. h4 Na7 31. Re3 Nb5 32. Bb2 Bf8 33. Na3 Qa6 34. Nc2 Qa7
35. Ne1 Nd6 36. Ba3 Ne4 37. Qb2 Rc3 38. Rxe4 Rxg3+ 39. Kh2 Bxa3 40. Rxa3 Rg4
41. Re3 Rxh4+ 42. Kg3 Rg4+ 43. Kf3 Rc8 44. b4 Rc4 45. Nd3 g5 46. fxg5 Rcxd4 47.
Rc3 Qb8 48. Ne5 Rdf4+ 49. Ke2 Rd4 50. Rf3 Rgf4 51. Ke3 Rg4 52. Nd3 h4 53. Qc2
Rxd3+ 0-1

[Event "IV Open International Senior"]
[Site "Calvia"]
[Date "2007.10.16"]
[Round "2.3"]
[White "Ermenkov, Evgenij"]
[Black "Suslin, Alexander"]
[Result "1-0"]
[WhiteElo "2496"]
[BlackElo "2144"]
[PlyCount "69"]
[EventDate "2007.??.??"]

1. e4 e6 2. d3 d5 3. Nd2 c5 4. Ngf3 Nc6 5. g3 Nf6 6. Bg2 Be7 7. O-O O-O 8. Re1
Re8 9. Qe2 d4 10. a4 e5 11. h3 h6 12. Nc4 Qc7 13. Nh4 Be6 14. b3 a6 15. f4 b5
16. Nxe5 Nxe5 17. fxe5 Nd7 18. Nf5 Nxe5 19. Bf4 Bf6 20. Qf2 Qd7 21. g4 Rac8 22.
axb5 axb5 23. Ra6 Rc6 24. Ra5 Rb6 25. Rea1 Reb8 26. Qg3 Qc7 27. h4 Bxf5 28.
exf5 Re8 29. Ra8 Rbb8 30. Rxb8 Rxb8 31. g5 Kh7 32. gxf6 gxf6 33. Bxe5 fxe5 34.
f6 Rg8 35. Qxg8+ 1-0

[Event "IV Open International Senior"]
[Site "Calvia"]
[Date "2007.10.16"]
[Round "2.5"]
[White "Bellon Lopez, Juan Manuel"]
[Black "Forteza Valls, Jose Maria"]
[Result "1-0"]
[WhiteElo "2434"]
[BlackElo "2119"]
[PlyCount "83"]
[EventDate "2007.??.??"]

1. d4 d5 2. Nf3 Nf6 3. c4 c6 4. Nc3 e6 5. Bg5 Be7 6. e3 Nbd7 7. Qc2 h6 8. Bh4
Qa5 9. Nd2 Bb4 10. Be2 Ne4 11. Ndxe4 dxe4 12. O-O Bxc3 13. bxc3 Nf8 14. Qxe4
Qxc3 15. Qe5 Qc2 16. Qxg7 Ng6 17. Bh5 Rf8 18. Bg3 Qf5 19. Qxh6 Rg8 20. Qh7 Ne7
21. Qxf5 Nxf5 22. Bf4 Ke7 23. a4 b6 24. a5 Ba6 25. Rfc1 f6 26. Be2 Bb7 27. Bf3
Nh4 28. Be4 f5 29. a6 Bxa6 30. Bxc6 Rac8 31. Bg3 Ng6 32. d5 exd5 33. Bxd5 Rgd8
34. h4 Rd7 35. h5 Nf8 36. Rxa6 Rxd5 37. cxd5 Rxc1+ 38. Kh2 Rd1 39. Rxa7+ Nd7
40. h6 f4 41. Bh4+ Kd6 42. h7 1-0

[Event "IV Open International Senior"]
[Site "Calvia"]
[Date "2007.10.16"]
[Round "2.6"]
[White "Gonzalez, Rodriguez Jorge A"]
[Black "Hostalet Ferrer, Pedro"]
[Result "1/2-1/2"]
[WhiteElo "2405"]
[BlackElo "2092"]
[PlyCount "88"]
[EventDate "2007.??.??"]

1. b3 Nf6 2. Bb2 g6 3. Bxf6 exf6 4. c4 c5 5. Nc3 d6 6. g3 Bg7 7. e3 Be6 8. Bg2
Nc6 9. Nge2 Qd7 10. Nf4 O-O 11. O-O Rab8 12. Rc1 g5 13. Nfd5 Ne7 14. Nxe7+ Qxe7
15. d4 Rfd8 16. Qd3 Qd7 17. Rcd1 Bf5 18. Be4 Bxe4 19. Nxe4 Qe6 20. dxc5 dxc5
21. Qxd8+ Rxd8 22. Rxd8+ Bf8 23. Nxc5 Qe7 24. Rd5 b6 25. Nd7 Kg7 26. Rfd1 Qa3
27. Nxf8 Kxf8 28. R1d2 Qc1+ 29. Kg2 f5 30. R2d4 Qc2 31. b4 Kg7 32. a3 Kg6 33.
c5 f6 34. cxb6 axb6 35. Rd6 Qe2 36. Rxb6 f4 37. exf4 g4 38. f5+ Kg5 39. Rf4 Qd3
40. h4+ Kh5 41. Re6 h6 42. f3 Qd2+ 43. Kf1 Qf2+ 44. Kxf2 gxf3 1/2-1/2

[Event "IV Open International Senior"]
[Site "Calvia"]
[Date "2007.10.16"]
[Round "2.7"]
[White "Tejero Royo, Fermin"]
[Black "Celaya Tapiz, Jose Maria"]
[Result "0-1"]
[WhiteElo "2159"]
[BlackElo "2260"]
[PlyCount "114"]
[EventDate "2007.??.??"]

1. e4 e5 2. Nf3 Nc6 3. Bb5 Bb4 4. c3 Ba5 5. O-O Nge7 6. d4 exd4 7. cxd4 d5 8.
e5 O-O 9. Bg5 Bg4 10. Bxc6 bxc6 11. Qd3 h6 12. Bxe7 Qxe7 13. Nbd2 Bb6 14. Rac1
Bd7 15. Nb3 a5 16. Qd2 Qb4 17. Rfd1 Qxd2 18. Rxd2 a4 19. Nc5 Bg4 20. Ne1 Ba5
21. Rdc2 Bf5 22. Ned3 Rfb8 23. Re2 Rb5 24. h3 Bb6 25. Rd2 a3 26. b3 Ba5 27. Re2
Bb6 28. Rd2 Raa5 29. Nb7 Ra7 30. Nbc5 Ra8 31. g4 Bxd3 32. Rxd3 Bxc5 33. Rxc5
Rxc5 34. dxc5 g5 35. Kg2 Kf8 36. f4 gxf4 37. Kf3 Ke7 38. Kxf4 Ke6 39. Rd4 Ra5
40. b4 Rb5 41. h4 Rb8 42. h5 Rb7 43. g5 hxg5+ 44. Kxg5 Rb8 45. Rd3 Rxb4 46. h6
Rb2 47. Rh3 Rb8 48. Rxa3 Kxe5 49. Re3+ Kd4 50. Rh3 Kxc5 51. h7 Rh8 52. Kf6 d4
53. Kxf7 Kb4 54. Kg7 Rxh7+ 55. Kxh7 c5 56. Kg6 c4 57. Kf5 c3 0-1

[Event "IV Open International Senior"]
[Site "Calvia"]
[Date "2007.10.16"]
[Round "2.8"]
[White "Eppinger, Georg"]
[Black "Feiguelman, Boris Dr"]
[Result "0-1"]
[WhiteElo "2251"]
[BlackElo "2058"]
[PlyCount "37"]
[EventDate "2007.??.??"]

1. e4 g6 2. d4 c6 3. Nc3 d5 4. e5 Bg7 5. h3 f6 6. Nf3 Nh6 7. Bf4 O-O 8. Qd2 Nf7
9. Bd3 c5 10. exf6 Bxf6 11. Bxb8 cxd4 12. Nb5 Rxb8 13. Nxa7 e5 14. Nxc8 Rxc8
15. Be2 Qc7 16. Bd1 Qc4 17. Qe2 Qb4+ 18. Qd2 Qxb2 19. Ng1 0-1

[Event "IV Open International Senior"]
[Site "Calvia"]
[Date "2007.10.16"]
[Round "2.9"]
[White "Persson, Stellan"]
[Black "Simon, Padros Emili"]
[Result "1/2-1/2"]
[WhiteElo "2136"]
[BlackElo "2243"]
[PlyCount "64"]
[EventDate "2007.??.??"]

1. e4 e6 2. d4 d5 3. Nc3 Bb4 4. Nge2 Nf6 5. e5 Nfd7 6. a3 Be7 7. Be3 O-O 8. Ng3
c5 9. Bb5 cxd4 10. Bxd4 Nc6 11. f4 Nxd4 12. Qxd4 Bc5 13. Qd3 Qh4 14. Rf1 a6 15.
Ba4 Ba7 16. Bb3 Nc5 17. Qf3 Bd7 18. O-O-O Bc6 19. Kb1 Rad8 20. Ba2 a5 21. b4
axb4 22. axb4 d4 23. Nce4 Nxe4 24. Nxe4 Qe7 25. Rd3 Kh8 26. Rb3 f5 27. exf6
gxf6 28. Qe2 d3 29. cxd3 Bd4 30. Nc3 Bxc3 31. Rxc3 Qxb4+ 32. Qb2 Qxb2+ 1/2-1/2

[Event "IV Open International Senior"]
[Site "Calvia"]
[Date "2007.10.16"]
[Round "2.11"]
[White "Serra Olives, Tomas"]
[Black "Zoltek, Tadeusz"]
[Result "0-1"]
[WhiteElo "2114"]
[BlackElo "2223"]
[PlyCount "82"]
[EventDate "2007.??.??"]

1. e4 Nf6 2. e5 Nd5 3. d4 d6 4. c4 Nb6 5. f4 dxe5 6. fxe5 Nc6 7. Be3 Bf5 8. Nc3
e6 9. Nf3 Be7 10. d5 exd5 11. cxd5 Nb4 12. Nd4 Bg6 13. Bb5+ c6 14. dxc6 O-O 15.
cxb7 Rb8 16. Nc6 Nxc6 17. Bxc6 Qc7 18. Qf3 Nc4 19. Nd5 Qa5+ 20. Kf2 Bh4+ 21. g3
Nxe5 22. gxh4 Nxf3 23. Kxf3 Qa6 24. Rac1 Rxb7 25. b4 Qd3 26. Bxb7 Be4+ 27. Kf2
Bxd5 28. Bxd5 Qxd5 29. Rhd1 Qxa2+ 30. Rd2 Qa3 31. Rd4 h6 32. Rg1 Qb2+ 33. Kf3
Re8 34. Rdg4 Qf6+ 35. Ke2 a6 36. R1g3 Qe5 37. Kf2 Kh7 38. h5 Rc8 39. Bd4 Rc2+
40. Kf3 Qxh5 41. Bxg7 f5 0-1

[Event "IV Open International Senior"]
[Site "Calvia"]
[Date "2007.10.16"]
[Round "2.13"]
[White "Klempt, Guenter"]
[Black "Schuermans, Robert"]
[Result "0-1"]
[WhiteElo "2091"]
[BlackElo "2219"]
[PlyCount "54"]
[EventDate "2007.??.??"]

1. d4 Nf6 2. c4 c5 3. e3 cxd4 4. exd4 d5 5. Nc3 Nc6 6. cxd5 Nxd5 7. Bc4 e6 8.
Nf3 Be7 9. O-O O-O 10. Re1 Nxc3 11. bxc3 Na5 12. Bd3 Qc7 13. Qc2 h6 14. Ne5 Bd6
15. c4 b6 16. Bd2 Bxe5 17. Rxe5 Nc6 18. Re4 f5 19. Rh4 Qd8 20. Rh3 Nxd4 21. Qd1
Qf6 22. Rc1 Bb7 23. Qh5 f4 24. f3 Rac8 25. Rh4 Nxf3+ 26. gxf3 Qd4+ 27. Kf1
Qxd3+ 0-1

[Event "IV Open International Senior"]
[Site "Calvia"]
[Date "2007.10.16"]
[Round "2.14"]
[White "Pomar Mir, Francisco"]
[Black "Gutierrez, Leon Cristobal"]
[Result "1/2-1/2"]
[WhiteElo "1970"]
[BlackElo "1963"]
[PlyCount "89"]
[EventDate "2007.??.??"]

1. Nf3 Nf6 2. c4 c5 3. Nc3 Nc6 4. d4 cxd4 5. Nxd4 Qb6 6. e3 e6 7. Be2 a6 8. O-O
Be7 9. Na4 Qc7 10. c5 d6 11. Nxc6 Qxc6 12. Bf3 d5 13. Nb6 Rb8 14. b4 Nd7 15.
Nxd5 exd5 16. Bxd5 Qc7 17. Qb3 O-O 18. Bb2 Bf6 19. Rac1 Bxb2 20. Qxb2 Qe5 21.
Qb3 Nf6 22. e4 Be6 23. Bxe6 Qxe6 24. Qxe6 fxe6 25. f3 Rfc8 26. Rfd1 Kf7 27. Kf2
Ke7 28. Ke3 Rc6 29. a4 Rbc8 30. Kd4 Rd8+ 31. Kc4 Rxd1 32. Rxd1 b6 33. Kd4 bxc5+
34. bxc5 e5+ 35. Kxe5 Rxc5+ 36. Kd4 Rc2 37. g4 Ra2 38. Rb1 Rxa4+ 39. Ke3 a5 40.
Rb7+ Nd7 41. f4 Kd6 42. e5+ Kc6 43. Ra7 Nxe5 44. fxe5 Rxg4 45. Rxa5 1/2-1/2

[Event "IV Open International Senior"]
[Site "Calvia"]
[Date "2007.10.16"]
[Round "2.15"]
[White "Llado Llompart, Sebastian"]
[Black "Brinck-Claussen, Bjorn"]
[Result "0-1"]
[WhiteElo "1773"]
[BlackElo "2326"]
[PlyCount "50"]
[EventDate "2007.??.??"]

1. d4 Nf6 2. e3 g6 3. Bd3 Bg7 4. Nf3 O-O 5. Nbd2 d6 6. c3 Nbd7 7. O-O e5 8. e4
Nh5 9. Nc4 Qe7 10. Bg5 f6 11. Be3 d5 12. Ncd2 f5 13. exd5 f4 14. d6 cxd6 15.
dxe5 dxe5 16. Re1 fxe3 17. Rxe3 Kh8 18. Nc4 Nf4 19. Bf1 Qc5 20. Nd6 Nd5 21. Rd3
Qxd6 22. Rxd5 Qe7 23. Qd2 Nb6 24. Rd6 Bg4 25. Ne1 Rad8 0-1

[Event "IV Open International Senior"]
[Site "Calvia"]
[Date "2007.10.16"]
[Round "2.16"]
[White "Alonso Perez, Jose Ramon"]
[Black "Komysheva, Margarita"]
[Result "0-1"]
[WhiteElo "2041"]
[BlackElo "2174"]
[PlyCount "56"]
[EventDate "2007.??.??"]

1. d4 d5 2. c4 e6 3. Nf3 Nf6 4. g3 b6 5. Bg2 Bb7 6. O-O Be7 7. Nc3 O-O 8. cxd5
exd5 9. Bf4 Na6 10. Rc1 c5 11. Qc2 Ne4 12. Rfd1 Nxc3 13. bxc3 c4 14. Nd2 g5 15.
Be3 f5 16. Nxc4 f4 17. gxf4 gxf4 18. Bxf4 Rxf4 19. Ne5 Bh4 20. Bf3 Kh8 21. Kh1
Bxf2 22. Rg1 Bxg1 23. Rxg1 Qf6 24. Bh5 Rg8 25. Bf3 Rxg1+ 26. Kxg1 Qh4 27. Qa4
Qe7 28. c4 Rxd4 0-1

[Event "IV Open International Senior"]
[Site "Calvia"]
[Date "2007.10.16"]
[Round "2.17"]
[White "Fernandez Garcia, Ignacio"]
[Black "Mimbrero Cuello, Diego"]
[Result "0-1"]
[WhiteElo "2039"]
[BlackElo "1854"]
[PlyCount "92"]
[EventDate "2007.??.??"]

1. e4 d6 2. d4 Nf6 3. f3 c6 4. Nc3 Qc7 5. Bc4 e5 6. Nge2 Be7 7. Be3 Nbd7 8. g4
b5 9. Bb3 a5 10. d5 Bb7 11. dxc6 Bxc6 12. g5 Nh5 13. Bd5 Nb6 14. Bxb6 Qxb6 15.
Bxc6+ Qxc6 16. Qd5 Qxd5 17. Nxd5 Rc8 18. Nxe7 Kxe7 19. O-O-O b4 20. Rd5 Rc5 21.
Rhd1 Rhc8 22. c3 R8c6 23. Kb1 bxc3 24. Nxc3 Nf4 25. Rxc5 Rxc5 26. Nd5+ Nxd5 27.
Rxd5 Rxd5 28. exd5 f5 29. Kc2 Kd7 30. Kd3 Kc7 31. Kc4 Kb6 32. b3 Ka6 33. a3 g6
34. h3 Kb6 35. h4 Ka6 36. Kd3 Kb5 37. Kc3 Kc5 38. Kd3 Kxd5 39. Ke3 Kc5 40. Kd3
d5 41. Ke3 Kb5 42. Kd3 f4 43. Kc3 e4 44. fxe4 dxe4 45. Kd4 f3 46. Ke3 Kc5 0-1

[Event "IV Open International Senior"]
[Site "Calvia"]
[Date "2007.10.16"]
[Round "2.18"]
[White "Gonzalo Gonzalez, Francisco"]
[Black "Lazaro Porta, Angel"]
[Result "0-1"]
[WhiteElo "1857"]
[BlackElo "2038"]
[PlyCount "84"]
[EventDate "2007.??.??"]

1. e4 c5 2. Nf3 Nc6 3. Bc4 e6 4. a3 a6 5. Nc3 Qc7 6. d3 Nf6 7. Bg5 Ng4 8. Bh4
Bd6 9. h3 Nge5 10. Nxe5 Nxe5 11. Ba2 Ng6 12. Bg5 Be5 13. Qd2 b5 14. O-O Bd4 15.
Kh1 Bb7 16. Nd1 h6 17. Be3 O-O 18. c3 Bxe3 19. fxe3 d5 20. exd5 exd5 21. Nf2
Kh8 22. d4 f5 23. Nd3 c4 24. Nc5 Rae8 25. Bb1 Bc8 26. a4 Qg3 27. Rf3 Qg5 28.
axb5 axb5 29. Kh2 Nh4 30. Rg3 Qf6 31. Ra7 g5 32. Ra5 f4 33. exf4 gxf4 34. Rg4
Bxg4 35. hxg4 Ng6 36. Qf2 Re7 37. Bxg6 Qxg6 38. Rxb5 Qxg4 39. Rb6 Qh5+ 40. Kg1
Rfe8 41. Qxf4 Re1+ 42. Kf2 Qe2+ 0-1

[Event "IV Open International Senior"]
[Site "Calvia"]
[Date "2007.10.16"]
[Round "2.19"]
[White "Perez Pascual, Arturo"]
[Black "Solsona Manonelles, Josep"]
[Result "1-0"]
[WhiteElo "1986"]
[BlackElo "1830"]
[PlyCount "108"]
[EventDate "2007.??.??"]

1. e4 e6 2. d4 d5 3. Nd2 Nf6 4. e5 Nfd7 5. Bd3 c5 6. c3 Nc6 7. Ne2 Qb6 8. Nf3
cxd4 9. cxd4 Bb4+ 10. Bd2 Bxd2+ 11. Qxd2 Qb4 12. Rc1 O-O 13. Nc3 Nb6 14. a3 Qe7
15. O-O h6 16. Rfe1 f5 17. exf6 Rxf6 18. Bb1 Bd7 19. Ne5 Be8 20. Qd3 g6 21. Ng4
Rf4 22. Qg3 Qg5 23. f3 h5 24. h4 Rxg4 25. fxg4 Qxg4 26. Qxg4 hxg4 27. Nb5 Nc4
28. Nc7 Rc8 29. Nxe8 Rxe8 30. Bxg6 Re7 31. Red1 Ne3 32. Rd2 Kg7 33. h5 Na5 34.
Rd3 Nf5 35. Kf2 Kf6 36. Rc8 Nc4 37. b4 Ncd6 38. Bxf5 Nxf5 39. g3 Kg5 40. Rg8+
Kxh5 41. Rd1 Ng7 42. Rf1 Rf7+ 43. Ke2 Rxf1 44. Kxf1 Nf5 45. Kf2 Nxd4 46. Rg7
Nc2 47. Rxb7 Nxa3 48. Rxa7 Nc4 49. Rc7 Kg6 50. Rxc4 dxc4 51. b5 Kf5 52. b6 Ke4
53. Ke2 c3 54. b7 c2 1-0

[Event "IV Open International Senior"]
[Site "Calvia"]
[Date "2007.10.16"]
[Round "2.20"]
[White "Orcera Gomez, Francisco"]
[Black "Mercadal Melia, Dante"]
[Result "0-1"]
[WhiteElo "1841"]
[BlackElo "1986"]
[PlyCount "104"]
[EventDate "2007.??.??"]

1. e4 b6 2. Bc4 Bb7 3. Nc3 e6 4. Qe2 Nc6 5. a3 Nd4 6. Qd1 Qg5 7. g3 Qg6 8. d3
a6 9. Nf3 Nxf3+ 10. Qxf3 b5 11. Ba2 b4 12. axb4 Bxb4 13. Qe3 Nf6 14. O-O Ng4
15. Qf4 Qh5 16. h4 Bd6 17. Qg5 Qg6 18. Nd1 f6 19. Qxg6+ hxg6 20. Ne3 Ne5 21. f4
Nc6 22. c3 g5 23. hxg5 fxg5 24. Nc4 gxf4 25. Nxd6+ cxd6 26. Bxf4 e5 27. Bg5 Nd8
28. Bxd8 Kxd8 29. Rf7 Rh7 30. Raf1 Kc7 31. Be6 Bc6 32. Bf5 Rh6 33. Rxg7 Rah8
34. Rf2 Rh1+ 35. Kg2 R8h2+ 36. Kf3 Rxf2+ 37. Kxf2 Rh2+ 38. Ke3 Rxb2 39. Rh7 a5
40. g4 a4 41. c4 a3 42. Rh1 a2 43. Ra1 Ba4 44. g5 Bb3 45. g6 Rb1 46. g7 Rxa1
47. g8=Q Re1+ 48. Kf2 a1=Q 49. Qe8 Rf1+ 50. Kg3 Qe1+ 51. Kg4 Rg1+ 52. Kh5 Bd1+
0-1

[Event "IV Open International Senior"]
[Site "Calvia"]
[Date "2007.10.16"]
[Round "2.21"]
[White "Russo, Carmelo"]
[Black "Campos Calvo-Sotelo, Juan"]
[Result "0-1"]
[WhiteElo "1702"]
[BlackElo "1971"]
[PlyCount "54"]
[EventDate "2007.??.??"]

1. d4 b5 2. e4 a6 3. Nf3 e6 4. Bd2 c5 5. a4 b4 6. c3 bxc3 7. Bxc3 cxd4 8. Nxd4
Nf6 9. Bd3 Bc5 10. b4 Bxd4 11. Bxd4 Nc6 12. Bc3 Bb7 13. Nd2 O-O 14. O-O d5 15.
Rb1 d4 16. Ba1 Ne5 17. Rb3 Nxd3 18. Rxd3 e5 19. f3 Qe7 20. Qb3 Nh5 21. Nc4 Bc8
22. Nb6 Be6 23. Nd5 Qg5 24. Qb2 Bxd5 25. exd5 Nf4 26. Qd2 Qh6 27. Rb3 Nh3+ 0-1

[Event "IV Open International Senior"]
[Site "Calvia"]
[Date "2007.10.16"]
[Round "2.22"]
[White "Yanez Acin, Gonzalo"]
[Black "Fernandez Martin, Manuel"]
[Result "1/2-1/2"]
[WhiteElo "1962"]
[BlackElo "1709"]
[PlyCount "32"]
[EventDate "2007.??.??"]

1. e4 c5 2. Nf3 Nc6 3. d4 cxd4 4. Nxd4 d6 5. Nc3 a6 6. Be2 g6 7. O-O Bg7 8. Be3
Nf6 9. Qd2 O-O 10. Rad1 Qc7 11. Nxc6 bxc6 12. Bh6 Rb8 13. Bxg7 Kxg7 14. b3 Bb7
15. Bf3 Rbd8 16. Rfe1 e5 1/2-1/2

[Event "IV Open International Senior"]
[Site "Calvia"]
[Date "2007.10.16"]
[Round "2.24"]
[White "Salgado Gonzalez, Julio"]
[Black "Kuenitz, Klaus"]
[Result "1-0"]
[WhiteElo "1926"]
[BlackElo "1695"]
[PlyCount "35"]
[EventDate "2007.??.??"]

1. d4 f5 2. Bg5 g6 3. Nd2 Bg7 4. c3 Nf6 5. Bxf6 Bxf6 6. e4 d6 7. Ngf3 O-O 8. h4
e5 9. Qb3+ Kg7 10. dxe5 dxe5 11. O-O-O Qe7 12. Bd3 Nd7 13. Bc2 Nc5 14. Qa3 f4
15. g3 Bg4 16. gxf4 exf4 17. Rde1 Nd7 18. e5 1-0

[Event "IV Open International Senior"]
[Site "Calvia"]
[Date "2007.10.17"]
[Round "3.1"]
[White "Suba, Mihai"]
[Black "Estrada Martinez, Cesar"]
[Result "1-0"]
[WhiteElo "2502"]
[BlackElo "2236"]
[PlyCount "113"]
[EventDate "2007.??.??"]

1. c4 c5 2. Nf3 Nc6 3. Nc3 e5 4. d3 Nf6 5. Bg5 Be7 6. g3 h6 7. Bxf6 Bxf6 8. Rb1
O-O 9. Bg2 d6 10. O-O Be6 11. Nd2 Qd7 12. a3 a5 13. Nd5 Bd8 14. e3 Bh3 15. Ne4
Bxg2 16. Kxg2 f5 17. Nec3 Qf7 18. Nb5 Qg6 19. Kh1 Ne7 20. Nbc7 Rc8 21. Nxe7+
Bxe7 22. Nd5 Rf7 23. b4 axb4 24. axb4 Bg5 25. f4 Bd8 26. bxc5 Rxc5 27. Qa4 Qe6
28. Rb5 exf4 29. gxf4 Rxb5 30. Qxb5 Bh4 31. Qb6 Qg6 32. Qb3 Qg4 33. Qd1 Qh3 34.
Qe2 g5 35. Qg2 Qxg2+ 36. Kxg2 g4 37. h3 h5 38. hxg4 hxg4 39. Rh1 Rh7 40. Ra1
Kf7 41. Ra8 Be1 42. Rb8 Kg6 43. Rd8 Rh3 44. Rxd6+ Kg7 45. Rb6 Rf3 46. Ne7 Rf2+
47. Kg1 Rd2 48. Nxf5+ Kf8 49. Rf6+ Ke8 50. Kf1 Bf2 51. Rg6 g3 52. Nxg3 Kf7 53.
f5 Bxe3 54. Ne4 Rxd3 55. Ke2 Rb3 56. Rg3 b5 57. cxb5 1-0

[Event "IV Open International Senior"]
[Site "Calvia"]
[Date "2007.10.17"]
[Round "3.2"]
[White "Zoltek, Tadeusz"]
[Black "Ermenkov, Evgenij"]
[Result "1-0"]
[WhiteElo "2223"]
[BlackElo "2496"]
[PlyCount "111"]
[EventDate "2007.??.??"]

1. c4 Nf6 2. Nc3 g6 3. g3 d5 4. cxd5 Nxd5 5. Bg2 Nb6 6. Nf3 Bg7 7. O-O Nc6 8.
d3 e5 9. a4 a5 10. Nb5 Nb4 11. Bg5 f6 12. Be3 N6d5 13. Bc5 b6 14. Bxb4 axb4 15.
Nxe5 Bb7 16. Qb3 O-O 17. Nxc7 Qxc7 18. Bxd5+ Bxd5 19. Qxd5+ Kh8 20. Nc4 f5 21.
a5 bxa5 22. Rxa5 Rxa5 23. Qxa5 Qxa5 24. Nxa5 Bxb2 25. Rb1 Bc3 26. Kg2 Ra8 27.
Nc4 Ra2 28. Kf3 Kg7 29. Ne3 Ra1 30. Rb3 Ra3 31. Rb1 Ra1 32. Rxa1 Bxa1 33. Nc4
Bc3 34. Na5 Kf6 35. e3 Be5 36. Ke2 Bc7 37. Nc4 g5 38. Kd2 f4 39. e4 h5 40. d4
fxg3 41. fxg3 g4 42. Kd3 Bd8 43. e5+ Kf5 44. Ne3+ Ke6 45. Kc4 Bb6 46. Nc2 b3
47. Kxb3 Bxd4 48. Nxd4+ Kxe5 49. Kc4 Ke4 50. Ne6 h4 51. gxh4 Ke5 52. Ng7 Kf4
53. Kd3 Kf3 54. h5 Kg2 55. h6 Kxh2 56. Nf5 1-0

[Event "IV Open International Senior"]
[Site "Calvia"]
[Date "2007.10.17"]
[Round "3.3"]
[White "Sveshnikov, Evgeny"]
[Black "Hervas Ruiz, Jose"]
[Result "1-0"]
[WhiteElo "2494"]
[BlackElo "2222"]
[PlyCount "71"]
[EventDate "2007.??.??"]

1. e4 e5 2. Nf3 Nc6 3. Bc4 Nf6 4. d4 exd4 5. e5 d5 6. Bb5 Ne4 7. Nxd4 Bc5 8.
Be3 Bd7 9. Bxc6 bxc6 10. Nd2 Nxd2 11. Qxd2 O-O 12. Nb3 Bxe3 13. Qxe3 Re8 14.
O-O Qb8 15. Qc3 Qb6 16. Nc5 Bf5 17. b4 a5 18. a3 h6 19. h3 Reb8 20. g4 Be6 21.
Rab1 axb4 22. Rxb4 Qa7 23. Rxb8+ Rxb8 24. a4 Bc8 25. Ra1 Ba6 26. e6 Bc4 27. Qe3
fxe6 28. Qxe6+ Kh8 29. Nd7 Qd4 30. Re1 Rg8 31. Qg6 Qc3 32. Re3 Qa1+ 33. Kh2 Qf1
34. Rf3 Qe2 35. Nf8 Qe4 36. Rf5 1-0

[Event "IV Open International Senior"]
[Site "Calvia"]
[Date "2007.10.17"]
[Round "3.5"]
[White "Celaya Tapiz, Jose Maria"]
[Black "Feiguelman, Boris Dr"]
[Result "1-0"]
[WhiteElo "2260"]
[BlackElo "2058"]
[PlyCount "107"]
[EventDate "2007.??.??"]

1. e4 g6 2. d4 c6 3. Nc3 d5 4. h3 Bg7 5. Nf3 dxe4 6. Nxe4 Bf5 7. Ng3 Nd7 8.
Nxf5 Qa5+ 9. c3 Qxf5 10. Bd3 Qe6+ 11. Be2 Qd6 12. O-O O-O-O 13. Qb3 e6 14. Bg5
Bf6 15. Rfe1 h6 16. Be3 Ne7 17. Nd2 Nb6 18. Ne4 Qd5 19. Nxf6 Qf5 20. Ng4 Nbd5
21. Rad1 Nxe3 22. Nxe3 Qg5 23. g3 Nf5 24. Bg4 h5 25. Bxf5 gxf5 26. h4 Qf6 27.
Ng2 Rdg8 28. Re3 Rg4 29. f4 Rhg8 30. Kf2 Qg7 31. Rdd3 Qf6 32. Qa3 a6 33. Qd6
Rd8 34. Qc5 Rd5 35. Qa7 Kc7 36. b4 Rg8 37. a4 Qh8 38. a5 Rb5 39. d5 c5 40. c4
Ra8 41. cxb5 Rxa7 42. b6+ Kb8 43. bxa7+ Kxa7 44. bxc5 Qb2+ 45. Kg1 exd5 46.
Rxd5 Qa2 47. Ree5 Qxa5 48. Kh2 Qc3 49. Rd7 a5 50. c6 Qxc6 51. Rxa5+ Kb6 52.
Rad5 Ka7 53. R5d6 Qc4 54. Rf6 1-0

[Event "IV Open International Senior"]
[Site "Calvia"]
[Date "2007.10.17"]
[Round "3.7"]
[White "Molina, Jorge"]
[Black "Gonzalez, Rodriguez Jorge A"]
[Result "0-1"]
[WhiteElo "2201"]
[BlackElo "2405"]
[PlyCount "60"]
[EventDate "2007.??.??"]

1. d4 Nf6 2. c4 e6 3. Nc3 Bb4 4. e3 Bxc3+ 5. bxc3 d6 6. Bd3 c5 7. Nf3 Nc6 8.
O-O e5 9. Qc2 O-O 10. Ng5 h6 11. Ne4 Na5 12. Nxf6+ Qxf6 13. f4 Qe7 14. fxe5
dxe5 15. Ba3 b6 16. dxc5 bxc5 17. Qa4 Qc7 18. Qb5 Nb7 19. Be4 Rb8 20. Bxb7 Bxb7
21. Qxc5 Qd7 22. Rab1 Bxg2 23. Rxb8 Rxb8 24. Kxg2 Qg4+ 25. Kh1 Qe4+ 26. Kg1 Rb6
27. Qc8+ Kh7 28. Qh3 Rg6+ 29. Kf2 Qc2+ 30. Kf3 Rf6+ 0-1

[Event "IV Open International Senior"]
[Site "Calvia"]
[Date "2007.10.17"]
[Round "3.8"]
[White "Brinck-Claussen, Bjorn"]
[Black "Persson, Stellan"]
[Result "1-0"]
[WhiteElo "2326"]
[BlackElo "2136"]
[PlyCount "72"]
[EventDate "2007.??.??"]

1. e4 e5 2. Nf3 Nc6 3. Bb5 a6 4. Ba4 Nf6 5. O-O d6 6. Bxc6+ bxc6 7. d4 Nxe4 8.
Re1 f5 9. c4 Be7 10. dxe5 O-O 11. Nbd2 d5 12. Nb3 Bb7 13. Na5 Rb8 14. Nxb7 Rxb7
15. Nd4 Qd7 16. f3 Ng5 17. cxd5 Qxd5 18. Bxg5 Bxg5 19. Nb3 Rd8 20. Qc2 g6 21.
Rad1 Qb5 22. Rxd8+ Bxd8 23. Nc5 Rb8 24. Nd7 Rc8 25. Rd1 Be7 26. a4 Qb4 27. Qxc6
Qb3 28. Re1 Qb4 29. Kf1 Rd8 30. Nf6+ Kf7 31. Nd5 Qxb2 32. e6+ Kg7 33. Qxc7 Rxd5
34. Qxe7+ Kh6 35. Qh4+ Kg7 36. e7 Rd8 1-0

[Event "IV Open International Senior"]
[Site "Calvia"]
[Date "2007.10.17"]
[Round "3.9"]
[White "Gutierrez, Leon Cristobal"]
[Black "Simon, Padros Emili"]
[Result "0-1"]
[WhiteElo "1963"]
[BlackElo "2243"]
[PlyCount "62"]
[EventDate "2007.??.??"]

1. Nf3 e6 2. b3 f5 3. Bb2 Nf6 4. g3 d5 5. Bg2 Bd6 6. O-O O-O 7. e3 Nbd7 8. c4
c6 9. d4 b6 10. Nbd2 Ne4 11. Nxe4 fxe4 12. Nd2 Qg5 13. Qe2 Ba6 14. a4 Bb4 15.
Ba3 Bxa3 16. Rxa3 e5 17. Raa1 exd4 18. exd4 Rae8 19. Qe3 Qh5 20. Rae1 Nf6 21.
h3 Bc8 22. g4 Qh4 23. f4 exf3 24. Nxf3 Rxe3 25. Nxh4 Rxb3 26. cxd5 Nxd5 27.
Rxf8+ Kxf8 28. Nf5 Bxf5 29. gxf5 Rb4 30. Rc1 Rxa4 31. Rxc6 Rxd4 0-1

[Event "IV Open International Senior"]
[Site "Calvia"]
[Date "2007.10.17"]
[Round "3.10"]
[White "Hostalet Ferrer, Pedro"]
[Black "Eppinger, Georg"]
[Result "1/2-1/2"]
[WhiteElo "2092"]
[BlackElo "2251"]
[PlyCount "66"]
[EventDate "2007.??.??"]

1. d4 Nf6 2. c4 c5 3. d5 d6 4. Nc3 g6 5. e4 Bg7 6. Nf3 O-O 7. Bd3 e6 8. h3 exd5
9. cxd5 b6 10. O-O Ba6 11. Qe2 Bxd3 12. Qxd3 a6 13. a4 Nbd7 14. Bf4 Qc7 15. Bh2
c4 16. Qd2 Nc5 17. Rfe1 Nb3 18. Qd1 Nxa1 19. Qxa1 Qc5 20. Qd1 Nd7 21. e5 dxe5
22. Bxe5 Nxe5 23. Nxe5 Rfe8 24. Ne4 Qc7 25. d6 Qb7 26. d7 Red8 27. Qf3 Qc7 28.
Nf6+ Bxf6 29. Qxf6 Rxd7 30. Nxd7 Qxd7 31. Re7 Qd5 32. Qxb6 a5 33. Qb7 Rd8
1/2-1/2